<?xml version="1.0" encoding="UTF-8"?><?xml-stylesheet type="text/xsl" href="static/style.xsl"?><OAI-PMH xmlns="http://www.openarchives.org/OAI/2.0/" xmlns:xsi="http://www.w3.org/2001/XMLSchema-instance" xsi:schemaLocation="http://www.openarchives.org/OAI/2.0/ http://www.openarchives.org/OAI/2.0/OAI-PMH.xsd"><responseDate>2026-06-05T16:16:30Z</responseDate><request verb="GetRecord" identifier="oai:riubu.ubu.es:10259/10873" metadataPrefix="marc">https://riubu.ubu.es/oai/request</request><GetRecord><record><header><identifier>oai:riubu.ubu.es:10259/10873</identifier><datestamp>2025-10-01T11:49:40Z</datestamp><setSpec>com_10259_9423</setSpec><setSpec>com_10259_5087</setSpec><setSpec>com_10259_2728</setSpec><setSpec>col_10259_9447</setSpec></header><metadata><record xmlns="http://www.loc.gov/MARC21/slim" xmlns:doc="http://www.lyncode.com/xoai" xmlns:xsi="http://www.w3.org/2001/XMLSchema-instance" xmlns:dcterms="http://purl.org/dc/terms/" xsi:schemaLocation="http://www.loc.gov/MARC21/slim http://www.loc.gov/standards/marcxml/schema/MARC21slim.xsd">
<leader>00925njm 22002777a 4500</leader>
<datafield tag="042" ind1=" " ind2=" ">
<subfield code="a">dc</subfield>
</datafield>
<datafield tag="720" ind1=" " ind2=" ">
<subfield code="a">Alonso Martín, Beatriz</subfield>
<subfield code="e">author</subfield>
</datafield>
<datafield tag="520" ind1=" " ind2=" ">
<subfield code="a">Este proyecto se centra en la aplicación del dispositivo Emotiv&#xd;
Insight, que es una herramienta BCI comercial de EEG de 5 canales.&#xd;
Es un dispositivo no invasivo diseñado para capturar ondas cerebrales&#xd;
de distintos tipos, que son procesadas mediante algoritmos que detectan diferentes estados mentales, como estrés, relajación, atención o&#xd;
la intención de realizar una tarea determinada.&#xd;
La iniciativa surge de la preocupación por la realidad que enfrentan las personas afectadas con ELA y otras discapacidades, con el&#xd;
objetivo de contribuir a mejorar su calidad de vida mediante el uso&#xd;
de tecnologías accesibles e innovadoras como son los dispositivos de&#xd;
Emotiv.&#xd;
Para ello, se ha integrado el dispositivo Emotiv Insight con aplicaciones como PsychoPy, un software de código abierto para ejecutar&#xd;
experimentos de psicología en Python, y Node-RED, un software de&#xd;
programación basada en flujo low-code para aplicaciones basadas en&#xd;
eventos en JavaScript.&#xd;
A través de la combinación de estas herramientas y el dispositivo&#xd;
Emotiv Insight se busca ofrecer una ayuda que, por pequeña que sea,&#xd;
marque una diferencia positiva en la vida diaria de las personas con&#xd;
discapacidad. Con este proyecto se ha demostrado el potencial de&#xd;
esta tecnología EEG para continuar aplicando mejoras en diferentes&#xd;
ámbitos.</subfield>
</datafield>
<datafield tag="520" ind1=" " ind2=" ">
<subfield code="a">This project focuses on the implementation of the Emotiv Insight&#xd;
device, which is a commercial 5-channel EEG BCI device. It is a&#xd;
non-invasive device designed to capture brain waves of different types,&#xd;
which are processed by algorithms that detect different mental states,&#xd;
such as stress, relaxation, attention or the intention to perform a&#xd;
certain task.&#xd;
The initiative arises from the concern for the reality faced by&#xd;
people affected by ALS and other disabilities, with the aim of contributing to the improvement of their quality of life through the use of&#xd;
accessible and innovative technologies such as Emotiv devices.&#xd;
For that purpose, the Emotiv Insight device has been integrated&#xd;
with applications such as PsychoPy, open source software for running&#xd;
psychology experiments in Python, and Node-RED, which is a lowcode flow-based programming software for event-driven applications.&#xd;
Through the combination of these tools and the Emotiv Insight&#xd;
device, the aim is to offer help that, although modest, can make a&#xd;
positive difference in the daily lives of people with disabilities. This&#xd;
project has demonstrated the potential of this EEG technology to&#xd;
drive improvements in different areas.</subfield>
</datafield>
<datafield tag="024" ind2=" " ind1="8">
<subfield code="a">https://hdl.handle.net/10259/10873</subfield>
</datafield>
<datafield ind1=" " ind2=" " tag="653">
<subfield code="a">Emotiv Insight</subfield>
</datafield>
<datafield ind1=" " ind2=" " tag="653">
<subfield code="a">EEG</subfield>
</datafield>
<datafield ind1=" " ind2=" " tag="653">
<subfield code="a">PsychoPy</subfield>
</datafield>
<datafield ind1=" " ind2=" " tag="653">
<subfield code="a">Node-RED</subfield>
</datafield>
<datafield ind1=" " ind2=" " tag="653">
<subfield code="a">Esclerosis Lateral Amiotrófica</subfield>
</datafield>
<datafield ind1=" " ind2=" " tag="653">
<subfield code="a">Amyotrophic Lateral Sclerosis</subfield>
</datafield>
<datafield ind1=" " ind2=" " tag="653">
<subfield code="a">Disability</subfield>
</datafield>
<datafield ind1=" " ind2=" " tag="653">
<subfield code="a">Stress</subfield>
</datafield>
<datafield ind1=" " ind2=" " tag="653">
<subfield code="a">Relaxation</subfield>
</datafield>
<datafield ind1=" " ind2=" " tag="653">
<subfield code="a">Alarm</subfield>
</datafield>
<datafield ind1=" " ind2=" " tag="653">
<subfield code="a">Brain waves</subfield>
</datafield>
<datafield ind1=" " ind2=" " tag="653">
<subfield code="a">Discapacidad</subfield>
</datafield>
<datafield ind1=" " ind2=" " tag="653">
<subfield code="a">Estrés</subfield>
</datafield>
<datafield ind1=" " ind2=" " tag="653">
<subfield code="a">Relajación</subfield>
</datafield>
<datafield ind1=" " ind2=" " tag="653">
<subfield code="a">Alarma</subfield>
</datafield>
<datafield ind1=" " ind2=" " tag="653">
<subfield code="a">Ondas cerebrales</subfield>
</datafield>
<datafield tag="245" ind1="0" ind2="0">
<subfield code="a">Aplicación de dispositivos de control cerebral para la mejora de calidad de vida de personas con discapacidad</subfield>
</datafield>
</record></metadata></record></GetRecord></OAI-PMH>